[Event "Najdorf Memorial B"]
[Site "Warsaw POL"]
[Date "2021.07.10"]
[Round "1.9"]
[White "Janik, Marcin"]
[Black "Lecki, Andrzej"]
[Result "1-0"]
[WhiteElo "1705"]
[BlackElo "1221"]
[EventDate "2021.07.10"]
[PlyCount "103"]
[LiveChessVersion "1.4.8"]

1.d4 {[%clk 1:30:56]} 1...d5 {[%clk 1:30:34]} 2.c4 {[%clk 1:31:09]} 2...e5 
{[%clk 1:29:10]} 3.dxe5 {[%clk 1:30:55]} 3...d4 {[%clk 1:29:27]} 4.a3 {[%clk
1:29:48]} 4...Ne7 {[%clk 1:28:34]} 5.Nf3 {[%clk 1:27:11]} 5...Nbc6 {[%clk
1:28:53]} 6.g3 {[%clk 1:22:20]} 6...Ng6 {[%clk 1:29:04]} 7.Bg2 {[%clk 1:16:35]} 
7...Ngxe5 {[%clk 1:29:04]} 8.Nxe5 {[%clk 1:14:02]} 8...Nxe5 {[%clk 1:27:47]} 
9.O-O {[%clk 1:14:13]} 9...Be7 {[%clk 1:19:18]} 10.Qc2 {[%clk 1:07:57]} 
10...O-O {[%clk 1:17:01]} 11.Rd1 {[%clk 1:05:12]} 11...c5 {[%clk 1:14:21]} 
12.Bf4 {[%clk 0:57:04]} 12...Qc7 {[%clk 1:09:56]} 13.Nd2 {[%clk 0:52:47]} 
13...Bd7 {[%clk 1:07:28]} 14.Nf3 {[%clk 0:48:05]} 14...f6 {[%clk 1:05:43]} 
15.Ne1 {[%clk 0:34:52]} 15...Bc6 {[%clk 1:05:23]} 16.Nd3 {[%clk 0:32:15]} 
16...Bxg2 {[%clk 1:02:54]} 17.Kxg2 {[%clk 0:32:23]} 17...g5 {[%clk 0:53:40]} 
18.Bd2 {[%clk 0:28:57]} 18...f5 {[%clk 0:41:27]} 19.f3 {[%clk 0:19:58]} 
19...Ng6 {[%clk 0:32:12]} 20.Nf2 {[%clk 0:18:22]} 20...Qc6 {[%clk 0:22:02]} 
21.b4 {[%clk 0:17:38]} 21...b6 {[%clk 0:20:20]} 22.b5 {[%clk 0:16:26]} 22...Qb7 
{[%clk 0:20:45]} 23.Nd3 {[%clk 0:10:24]} 23...Rae8 {[%clk 0:20:27]} 24.Re1 
{[%clk 0:09:33]} 24...Bd8 {[%clk 0:19:58]} 25.a4 {[%clk 0:08:51]} 25...h5 
{[%clk 0:18:17]} 26.a5 {[%clk 0:06:52]} 26...h4 {[%clk 0:13:57]} 27.axb6 {[%clk
0:06:47]} 27...axb6 {[%clk 0:14:16]} 28.Ra6 {[%clk 0:05:05]} 28...hxg3 {[%clk
0:12:17]} 29.hxg3 {[%clk 0:04:00]} 29...g4 {[%clk 0:11:05]} 30.Bh6 {[%clk
0:01:56]} 30...Qh7 {[%clk 0:09:09]} 31.Rh1 {[%clk 0:01:15]} 31...gxf3+ {[%clk
0:07:17]} 32.exf3 {[%clk 0:01:25]} 32...Rf7 {[%clk 0:05:45]} 33.Bg5 {[%clk
0:00:59]} 33...Qg7 {[%clk 0:05:26]} 34.Bxd8 {[%clk 0:01:17]} 34...Rxd8 {[%clk
0:05:46]} 35.Rxb6 {[%clk 0:01:25]} 35...f4 {[%clk 0:05:37]} 36.g4 {[%clk
0:00:49]} 36...Rc7 {[%clk 0:03:01]} 37.Nxc5 {[%clk 0:00:33]} 37...Ne5 {[%clk
0:02:49]} 38.Ne6 {[%clk 0:00:36]} 38...Rxc4 {[%clk 0:02:47]} 39.Qxc4 {[%clk
0:00:44]} 39...Nxc4 {[%clk 0:03:11]} 40.Nxg7 {[%clk 0:00:58]} 40...Nxb6 {[%clk
0:03:35]} 41.Ne6 {[%clk 0:00:53]} 41...Rd6 {[%clk 0:03:14]} 42.Nxf4 {[%clk
0:01:12]} 42...d3 {[%clk 0:03:31]} 43.Rd1 {[%clk 0:01:19]} 43...d2 {[%clk
0:03:57]} 44.Kf2 {[%clk 0:01:28]} 44...Kf7 {[%clk 0:04:06]} 45.Ke2 {[%clk
0:00:36]} 45...Nc4 {[%clk 0:04:29]} 46.Ng2 {[%clk 0:00:34]} 46...Ke6 {[%clk
0:04:18]} 47.Ne3 {[%clk 0:00:52]} 47...Nxe3 {[%clk 0:03:08]} 48.Kxe3 {[%clk
0:01:18]} 48...Rb6 {[%clk 0:03:27]} 49.Rxd2 {[%clk 0:01:38]} 49...Rxb5 {[%clk
0:03:45]} 50.Rd4 {[%clk 0:01:46]} 50...Re5+ {[%clk 0:03:41]} 51.Re4 {[%clk
0:02:04]} 51...Rxe4+ {[%clk 0:03:48]} 52.Kxe4 {[%clk 0:02:30]} 1-0

[Event "Najdorf Memorial B"]
[Site "Warsaw POL"]
[Date "2021.07.10"]
[Round "1.10"]
[White "Chrostowski, Kacper"]
[Black "Urbaniak, Karol"]
[Result "1-0"]
[WhiteElo "1217"]
[BlackElo "1695"]
[EventDate "2021.07.10"]
[PlyCount "59"]
[LiveChessVersion "1.4.8"]

1.e4 {[%clk 1:30:57]} 1...e6 {[%clk 1:30:51]} 2.d4 {[%clk 1:31:19]} 2...d5 
{[%clk 1:31:17]} 3.e5 {[%clk 1:31:39]} 3...c5 {[%clk 1:31:39]} 4.c3 {[%clk
1:31:09]} 4...Bd7 {[%clk 1:31:56]} 5.Nf3 {[%clk 1:30:32]} 5...Nc6 {[%clk
1:32:13]} 6.Be3 {[%clk 1:29:32]} 6...cxd4 {[%clk 1:30:45]} 7.cxd4 {[%clk
1:29:52]} 7...Nge7 {[%clk 1:31:00]} 8.Bd3 {[%clk 1:27:10]} 8...Nb4 {[%clk
1:31:07]} 9.Nc3 {[%clk 1:23:43]} 9...Nxd3+ {[%clk 1:30:10]} 10.Qxd3 {[%clk
1:24:05]} 10...Nf5 {[%clk 1:26:40]} 11.Bd2 {[%clk 1:18:53]} 11...a6 {[%clk
1:18:18]} 12.a3 {[%clk 1:14:40]} 12...Be7 {[%clk 1:18:15]} 13.Rc1 {[%clk
1:10:28]} 13...O-O {[%clk 1:16:26]} 14.g4 {[%clk 0:59:10]} 14...Nh4 {[%clk
1:16:36]} 15.Nxh4 {[%clk 0:51:08]} 15...Bxh4 {[%clk 1:17:02]} 16.O-O {[%clk
0:51:10]} 16...f5 {[%clk 1:12:21]} 17.h3 {[%clk 0:43:43]} 17...Be8 {[%clk
1:08:24]} 18.f4 {[%clk 0:39:33]} 18...fxg4 {[%clk 1:08:39]} 19.hxg4 {[%clk
0:39:53]} 19...Bg6 {[%clk 1:08:53]} 20.f5 {[%clk 0:35:25]} 20...exf5 {[%clk
1:06:30]} 21.gxf5 {[%clk 0:35:41]} 21...Rxf5 {[%clk 0:56:38]} 22.Rxf5 {[%clk
0:35:25]} 22...Bf2+ {[%clk 0:57:01]} 23.Kxf2 {[%clk 0:27:23]} 23...Qd7 {[%clk
0:52:17]} 24.Qf3 {[%clk 0:22:13]} 24...Qxf5 {[%clk 0:48:43]} 25.Qxf5 {[%clk
0:22:35]} 25...Bxf5 {[%clk 0:49:06]} 26.Nxd5 {[%clk 0:22:50]} 26...Bg4 {[%clk
0:48:56]} 27.Kg3 {[%clk 0:22:31]} 27...h5 {[%clk 0:48:24]} 28.Nb6 {[%clk
0:20:15]} 28...Rf8 {[%clk 0:48:19]} 29.Bf4 {[%clk 0:19:12]} 29...Be2 {[%clk
0:47:40]} 30.Rc8 {[%clk 0:19:19]} 1-0

[Event "Najdorf Memorial B"]
[Site "Warsaw POL"]
[Date "2021.07.10"]
[Round "1.11"]
[White "Krygiel, Konrad"]
[Black "Spoczynski, Marcin"]
[Result "1-0"]
[WhiteElo "1694"]
[BlackElo "1212"]
[EventDate "2021.07.10"]
[PlyCount "69"]
[LiveChessVersion "1.4.8"]

1.e4 {[%clk 1:30:58]} 1...c5 {[%clk 1:30:54]} 2.Nf3 {[%clk 1:31:22]} 2...Nc6 
{[%clk 1:31:14]} 3.Bb5 {[%clk 1:31:46]} 3...g6 {[%clk 1:31:34]} 4.c3 {[%clk
1:30:58]} 4...d5 {[%clk 1:25:58]} 5.d4 {[%clk 1:15:33]} 5...e6 {[%clk 1:17:31]} 
6.e5 {[%clk 1:13:57]} 6...Bd7 {[%clk 1:14:44]} 7.Bxc6 {[%clk 1:09:25]} 7...Bxc6 
{[%clk 1:13:50]} 8.O-O {[%clk 1:09:46]} 8...Qc7 {[%clk 1:06:42]} 9.Re1 {[%clk
1:07:45]} 9...b6 {[%clk 1:02:23]} 10.Bd2 {[%clk 1:04:23]} 10...Bg7 {[%clk
1:00:30]} 11.Na3 {[%clk 0:59:33]} 11...Ne7 {[%clk 0:54:49]} 12.Nc2 {[%clk
0:58:42]} 12...O-O {[%clk 0:53:34]} 13.Qc1 {[%clk 0:54:54]} 13...Nf5 {[%clk
0:50:45]} 14.Ne3 {[%clk 0:51:32]} 14...Nxe3 {[%clk 0:50:19]} 15.Bxe3 {[%clk
0:51:45]} 15...c4 {[%clk 0:48:33]} 16.Bh6 {[%clk 0:50:18]} 16...Rae8 {[%clk
0:47:01]} 17.Bxg7 {[%clk 0:33:30]} 17...Kxg7 {[%clk 0:47:22]} 18.Qf4 {[%clk
0:33:50]} 18...Qe7 {[%clk 0:45:35]} 19.Re3 {[%clk 0:31:49]} 19...f6 {[%clk
0:40:19]} 20.exf6+ {[%clk 0:26:57]} 20...Rxf6 {[%clk 0:35:40]} 21.Qg3 {[%clk
0:27:11]} 21...Bd7 {[%clk 0:31:07]} 22.Rae1 {[%clk 0:27:00]} 22...Bc8 {[%clk
0:28:53]} 23.Ne5 {[%clk 0:24:55]} 23...Rf5 {[%clk 0:23:48]} 24.Nf3 {[%clk
0:17:27]} 24...Qf6 {[%clk 0:18:59]} 25.Re5 {[%clk 0:16:27]} 25...Rxe5 {[%clk
0:17:51]} 26.Nxe5 {[%clk 0:14:21]} 26...Qe7 {[%clk 0:16:28]} 27.Ng4 {[%clk
0:13:23]} 27...Rf8 {[%clk 0:11:37]} 28.Qe5+ {[%clk 0:13:39]} 28...Kf7 {[%clk
0:11:56]} 29.Ne3 {[%clk 0:11:44]} 29...Bb7 {[%clk 0:11:26]} 30.Ng4 {[%clk
0:09:15]} 30...Ke8 {[%clk 0:10:47]} 31.Qxe6 {[%clk 0:03:06]} 31...Qxe6 {[%clk
0:10:56]} 32.Rxe6+ {[%clk 0:03:35]} 32...Kd7 {[%clk 0:11:15]} 33.Rf6 {[%clk
0:03:11]} 33...Re8 {[%clk 0:10:37]} 34.Ne5+ {[%clk 0:03:29]} 34...Ke7 {[%clk
0:10:54]} 35.Rf7+ {[%clk 0:03:43]} 1-0

[Event "Najdorf Memorial B"]
[Site "Warsaw POL"]
[Date "2021.07.10"]
[Round "1.12"]
[White "Krowicki, Przemyslaw"]
[Black "Rutkowski, Piotr"]
[Result "0-1"]
[WhiteElo "1209"]
[BlackElo "1688"]
[EventDate "2021.07.10"]
[PlyCount "52"]
[LiveChessVersion "1.4.8"]

1.e4 {[%clk 1:30:54]} 1...c5 {[%clk 1:30:51]} 2.Nf3 {[%clk 1:30:48]} 2...d6 
{[%clk 1:31:10]} 3.Bb5+ {[%clk 1:30:52]} 3...Nd7 {[%clk 1:31:25]} 4.O-O {[%clk
1:31:04]} 4...a6 {[%clk 1:31:17]} 5.Bxd7+ {[%clk 1:31:15]} 5...Bxd7 {[%clk
1:31:35]} 6.b3 {[%clk 1:30:58]} 6...e5 {[%clk 1:28:40]} 7.Bb2 {[%clk 1:30:46]} 
7...Nf6 {[%clk 1:28:43]} 8.Re1 {[%clk 1:30:45]} 8...Be7 {[%clk 1:28:29]} 9.c3 
{[%clk 1:29:40]} 9...O-O {[%clk 1:25:58]} 10.d4 {[%clk 1:29:45]} 10...exd4 
{[%clk 1:10:48]} 11.cxd4 {[%clk 1:28:55]} 11...Re8 {[%clk 1:10:40]} 12.Nbd2 
{[%clk 1:26:56]} 12...Bg4 {[%clk 1:07:51]} 13.e5 {[%clk 1:23:20]} 13...Nd5 
{[%clk 1:07:17]} 14.h3 {[%clk 1:23:07]} 14...Bh5 {[%clk 1:06:49]} 15.g4 {[%clk
1:20:34]} 15...Bg6 {[%clk 1:07:06]} 16.exd6 {[%clk 1:20:09]} 16...Bxd6 {[%clk
1:00:09]} 17.Rxe8+ {[%clk 1:18:38]} 17...Qxe8 {[%clk 1:00:29]} 18.Nh4 {[%clk
1:18:08]} 18...Nf4 {[%clk 0:58:38]} 19.Qf1 {[%clk 1:16:51]} 19...Bd3 {[%clk
0:58:42]} 20.Qe1 {[%clk 1:16:08]} 20...Nxh3+ {[%clk 0:57:56]} 21.Kg2 {[%clk
1:16:13]} 21...Nf4+ {[%clk 0:57:42]} 22.Kh1 {[%clk 1:16:06]} 22...Qc6+ {[%clk
0:57:01]} 23.f3 {[%clk 1:15:17]} 23...Re8 {[%clk 0:57:22]} 24.Qg1 {[%clk
1:13:34]} 24...Re2 {[%clk 0:57:17]} 25.Qd1 {[%clk 1:13:13]} 25...Nh3 {[%clk
0:56:43]} 26.Nf1 {[%clk 1:12:45]} 26...Nf2+ {[%clk 0:56:50]} 0-1

[Event "Najdorf Memorial B"]
[Site "Warsaw POL"]
[Date "2021.07.10"]
[Round "1.13"]
[White "Blazejczyk, Wiktor"]
[Black "Purczynski, Andrzej"]
[Result "0-1"]
[WhiteElo "1660"]
[BlackElo "1208"]
[EventDate "2021.07.10"]
[PlyCount "48"]
[LiveChessVersion "1.4.8"]

1.e4 {[%clk 1:30:08]} 1...e5 {[%clk 1:30:39]} 2.Nf3 {[%clk 1:30:29]} 2...Nc6 
{[%clk 1:30:47]} 3.Nc3 {[%clk 1:30:48]} 3...Nf6 {[%clk 1:30:57]} 4.Bb5 {[%clk
1:31:12]} 4...Bc5 {[%clk 1:28:15]} 5.d3 {[%clk 1:29:52]} 5...a6 {[%clk 1:26:08]} 
6.Ba4 {[%clk 1:27:06]} 6...b5 {[%clk 1:23:27]} 7.Bb3 {[%clk 1:27:24]} 7...O-O 
{[%clk 1:22:17]} 8.Bg5 {[%clk 1:23:37]} 8...h6 {[%clk 1:20:22]} 9.Bh4 {[%clk
1:22:38]} 9...g5 {[%clk 1:12:58]} 10.Bg3 {[%clk 1:20:08]} 10...d6 {[%clk
1:13:13]} 11.h4 {[%clk 0:59:38]} 11...Bg4 {[%clk 1:08:06]} 12.hxg5 {[%clk
0:57:20]} 12...hxg5 {[%clk 1:07:59]} 13.Qd2 {[%clk 0:55:26]} 13...Nh7 {[%clk
1:06:42]} 14.Bd5 {[%clk 0:50:58]} 14...Bxf3 {[%clk 1:05:32]} 15.Bxc6 {[%clk
0:44:10]} 15...Bxg2 {[%clk 1:04:24]} 16.Rh2 {[%clk 0:37:18]} 16...Bf3 {[%clk
1:04:21]} 17.Bxa8 {[%clk 0:37:09]} 17...Qxa8 {[%clk 1:04:43]} 18.Nd5 {[%clk
0:29:42]} 18...Qd8 {[%clk 1:04:48]} 19.Qa5 {[%clk 0:25:09]} 19...f5 {[%clk
1:01:42]} 20.Rh6 {[%clk 0:15:48]} 20...Rf7 {[%clk 0:53:31]} 21.Rg6+ {[%clk
0:13:41]} 21...Kf8 {[%clk 0:47:34]} 22.Qxa6 {[%clk 0:11:35]} 22...fxe4 {[%clk
0:47:19]} 23.dxe4 {[%clk 0:09:58]} 23...Bxe4 {[%clk 0:46:47]} 24.O-O-O {[%clk
0:10:00]} 24...Bxg6 {[%clk 0:46:36]} 0-1

[Event "Najdorf Memorial B"]
[Site "Warsaw POL"]
[Date "2021.07.10"]
[Round "1.14"]
[White "Maryniec, Grzegorz"]
[Black "Hertlein, Irena"]
[Result "0-1"]
[WhiteElo "1205"]
[BlackElo "1643"]
[EventDate "2021.07.10"]
[PlyCount "73"]
[LiveChessVersion "1.4.8"]

1.Nf3 {[%clk 1:30:57]} 1...d5 {[%clk 1:30:52]} 2.c4 {[%clk 1:31:19]} 2...e6 
{[%clk 1:31:08]} 3.g3 {[%clk 1:31:36]} 3...c5 {[%clk 1:31:11]} 4.Bg2 {[%clk
1:31:50]} 4...Nc6 {[%clk 1:30:41]} 5.O-O {[%clk 1:27:50]} 5...Nf6 {[%clk
1:30:36]} 6.e3 {[%clk 1:27:46]} 6...Be7 {[%clk 1:29:27]} 7.b3 {[%clk 1:28:10]} 
7...O-O {[%clk 1:24:17]} 8.d3 {[%clk 1:17:15]} 8...e5 {[%clk 1:06:10]} 9.Nc3 
{[%clk 0:46:25]} 9...d4 {[%clk 1:03:59]} 10.exd4 {[%clk 0:45:41]} 10...cxd4 
{[%clk 0:57:17]} 11.Nb1 {[%clk 0:43:29]} 11...h6 {[%clk 0:54:52]} 12.Re1 {[%clk
0:43:07]} 12...Qc7 {[%clk 0:47:37]} 13.a3 {[%clk 0:39:02]} 13...a5 {[%clk
0:46:36]} 14.Nbd2 {[%clk 0:37:25]} 14...Bf5 {[%clk 0:45:46]} 15.Qc2 {[%clk
0:35:51]} 15...Rfe8 {[%clk 0:35:31]} 16.Nh4 {[%clk 0:34:47]} 16...Bh7 {[%clk
0:35:34]} 17.Ne4 {[%clk 0:33:23]} 17...Nxe4 {[%clk 0:34:22]} 18.Bxe4 {[%clk
0:33:43]} 18...Bxe4 {[%clk 0:34:26]} 19.Rxe4 {[%clk 0:33:54]} 19...Qd7 {[%clk
0:29:26]} 20.Ng2 {[%clk 0:33:35]} 20...f5 {[%clk 0:27:36]} 21.Re1 {[%clk
0:33:46]} 21...Bf6 {[%clk 0:27:27]} 22.Rb1 {[%clk 0:33:17]} 22...e4 {[%clk
0:18:43]} 23.Nf4 {[%clk 0:26:51]} 23...Ne5 {[%clk 0:14:29]} 24.Kg2 {[%clk
0:23:51]} 24...exd3 {[%clk 0:08:23]} 25.Qd1 {[%clk 0:19:26]} 25...Qc6+ {[%clk
0:06:22]} 26.f3 {[%clk 0:18:10]} 26...g5 {[%clk 0:01:27]} 27.Nd5 {[%clk
0:09:40]} 27...g4 {[%clk 0:00:53]} 28.fxg4 {[%clk 0:05:13]} 28...fxg4 {[%clk
0:01:22]} 29.Rf1 {[%clk 0:02:00]} 29...Nf3 {[%clk 0:00:37]} 30.Bf4 {[%clk
0:00:55]} 30...Re2+ {[%clk 0:00:38]} 31.Rf2 {[%clk 0:01:15]} 31...Rae8 {[%clk
0:00:38]} 32.Qxd3 {[%clk 0:01:20]} 32...Ne1+ {[%clk 0:00:37]} 33.Rxe1 {[%clk
0:01:33]} 33...Rxe1 {[%clk 0:01:06]} 34.Qg6+ {[%clk 0:01:55]} 34...Bg7 {[%clk
0:01:25]} 35.Bd6 {[%clk 0:00:34]} 35...R1e6 {[%clk 0:00:32]} 36.Qf7+ {[%clk
0:00:32]} 36...Kh8 37.Bf4 0-1

[Event "Najdorf Memorial B"]
[Site "Warsaw POL"]
[Date "2021.07.10"]
[Round "1.15"]
[White "Dropia, Rafal"]
[Black "Sikorski, Jan"]
[Result "1-0"]
[WhiteElo "1634"]
[BlackElo "1199"]
[EventDate "2021.07.10"]
[PlyCount "35"]
[LiveChessVersion "1.4.8"]

1.d4 {[%clk 1:30:58]} 1...f5 {[%clk 1:30:59]} 2.e4 {[%clk 1:31:21]} 2...fxe4 
{[%clk 1:31:26]} 3.f3 {[%clk 1:31:47]} 3...Nf6 {[%clk 1:31:45]} 4.fxe4 {[%clk
1:30:29]} 4...Nxe4 {[%clk 1:32:11]} 5.Bd3 {[%clk 1:30:28]} 5...Nf6 {[%clk
1:32:38]} 6.Bg5 {[%clk 1:30:07]} 6...e6 {[%clk 1:30:26]} 7.Nd2 {[%clk 1:27:48]} 
7...d5 {[%clk 1:30:27]} 8.Ngf3 {[%clk 1:27:12]} 8...h6 {[%clk 1:29:10]} 9.Bg6+ 
{[%clk 1:26:33]} 9...Ke7 {[%clk 1:29:15]} 10.Bh4 {[%clk 1:25:44]} 10...Bd7 
{[%clk 1:27:09]} 11.Ne5 {[%clk 1:17:31]} 11...Be8 {[%clk 1:27:00]} 12.O-O 
{[%clk 1:16:49]} 12...h5 {[%clk 1:22:31]} 13.Qf3 {[%clk 1:12:45]} 13...Nd7 
{[%clk 1:21:53]} 14.Bd3 {[%clk 0:52:27]} 14...Bf7 {[%clk 1:13:37]} 15.Bb5 
{[%clk 0:50:07]} 15...Be8 {[%clk 1:13:19]} 16.Bxd7 {[%clk 0:49:30]} 16...Kd6 
{[%clk 1:09:18]} 17.Qa3+ {[%clk 0:49:01]} 17...c5 {[%clk 1:09:25]} 18.Qxc5# 
{[%clk 0:49:29]} 1-0

[Event "Najdorf Memorial B"]
[Site "Warsaw POL"]
[Date "2021.07.10"]
[Round "1.16"]
[White "Zambrowski-mazurek, Stefan"]
[Black "Trybula, Agata"]
[Result "1/2-1/2"]
[WhiteElo "1197"]
[BlackElo "1634"]
[EventDate "2021.07.10"]
[PlyCount "100"]
[LiveChessVersion "1.4.8"]

1.Nf3 {[%clk 1:30:58]} 1...Nf6 {[%clk 1:30:48]} 2.g3 {[%clk 1:31:22]} 2...d6 
{[%clk 1:30:38]} 3.Bg2 {[%clk 1:31:29]} 3...Nbd7 {[%clk 1:30:59]} 4.d3 {[%clk
1:31:28]} 4...e5 {[%clk 1:31:23]} 5.Nc3 {[%clk 1:31:04]} 5...c6 {[%clk 1:31:17]} 
6.O-O {[%clk 1:30:46]} 6...Be7 {[%clk 1:30:48]} 7.Bd2 {[%clk 1:28:19]} 7...O-O 
{[%clk 1:30:56]} 8.a3 {[%clk 1:27:06]} 8...Ne8 {[%clk 1:29:39]} 9.Rb1 {[%clk
1:24:15]} 9...f5 {[%clk 1:28:28]} 10.e4 {[%clk 1:23:23]} 10...Nc7 {[%clk
1:25:12]} 11.exf5 {[%clk 1:19:48]} 11...Rxf5 {[%clk 1:25:32]} 12.Qe2 {[%clk
1:16:22]} 12...Rf8 {[%clk 1:20:45]} 13.Rfe1 {[%clk 1:13:56]} 13...Nf6 {[%clk
1:12:25]} 14.d4 {[%clk 1:09:47]} 14...Bg4 {[%clk 1:05:03]} 15.dxe5 {[%clk
1:06:13]} 15...Bxf3 {[%clk 1:01:49]} 16.Bxf3 {[%clk 1:04:23]} 16...dxe5 {[%clk
1:02:05]} 17.Qxe5 {[%clk 1:04:21]} 17...Qxd2 {[%clk 0:49:05]} 18.Qxc7 {[%clk
1:01:23]} 18...Bc5 {[%clk 0:39:41]} 19.Re2 {[%clk 0:59:37]} 19...Qd7 {[%clk
0:36:44]} 20.Qxd7 {[%clk 0:58:43]} 20...Nxd7 {[%clk 0:37:10]} 21.Bg2 {[%clk
0:58:53]} 21...a5 {[%clk 0:35:32]} 22.Rbe1 {[%clk 0:57:14]} 22...Nf6 {[%clk
0:34:40]} 23.h3 {[%clk 0:57:14]} 23...Rad8 {[%clk 0:33:29]} 24.Ne4 {[%clk
0:56:31]} 24...Nxe4 {[%clk 0:32:06]} 25.Bxe4 {[%clk 0:56:44]} 25...Rd7 {[%clk
0:31:33]} 26.Kg2 {[%clk 0:56:37]} 26...Rdf7 {[%clk 0:31:00]} 27.f4 {[%clk
0:56:40]} 27...g6 {[%clk 0:30:34]} 28.Bd3 {[%clk 0:55:32]} 28...Kg7 {[%clk
0:29:51]} 29.h4 {[%clk 0:52:53]} 29...Rd7 {[%clk 0:26:43]} 30.Re4 {[%clk
0:51:03]} 30...Bd4 {[%clk 0:23:28]} 31.b3 {[%clk 0:51:19]} 31...Bc5 {[%clk
0:19:18]} 32.a4 {[%clk 0:51:11]} 32...Bb4 {[%clk 0:19:36]} 33.R1e2 {[%clk
0:51:26]} 33...Rdd8 {[%clk 0:18:22]} 34.Kf3 {[%clk 0:50:20]} 34...h5 {[%clk
0:16:23]} 35.Kg2 {[%clk 0:50:03]} 35...Rf6 {[%clk 0:15:47]} 36.Kf3 {[%clk
0:49:21]} 36...Rff8 {[%clk 0:15:28]} 37.Re6 Rf6 38.g4 hxg4+ 39.Kxg4 Rdf8 40.Kg5 
Rxf4 41.Rxg6+ Kh8 42.Rh6+ Kg7 43.Ree6 R8f7 44.Rh7+ Kf8 45.Bg6 Rxh7 46.Bxh7 Rf2 
47.Rf6+ Rxf6 48.Kxf6 Be7+ 49.Ke6 Bxh4 50.Kd7 Bg3 1/2-1/2

[Event "Najdorf Memorial B"]
[Site "Warsaw POL"]
[Date "2021.07.10"]
[Round "1.17"]
[White "Kopaniewski, Jakub"]
[Black "Zybrant, Sandra"]
[Result "1-0"]
[WhiteElo "1634"]
[BlackElo "1193"]
[EventDate "2021.07.10"]
[PlyCount "39"]
[LiveChessVersion "1.4.8"]

1.e4 {[%clk 1:30:50]} 1...e5 {[%clk 1:30:50]} 2.Nf3 {[%clk 1:31:11]} 2...Nc6 
{[%clk 1:31:14]} 3.Nc3 {[%clk 1:31:34]} 3...Nf6 {[%clk 1:31:27]} 4.Bb5 {[%clk
1:31:56]} 4...d6 {[%clk 1:31:26]} 5.O-O {[%clk 1:31:58]} 5...Bd7 {[%clk
1:31:33]} 6.d4 {[%clk 1:30:07]} 6...exd4 {[%clk 1:28:24]} 7.Nxd4 {[%clk
1:28:34]} 7...Nxd4 {[%clk 1:26:47]} 8.Bxd7+ {[%clk 1:28:28]} 8...Qxd7 {[%clk
1:27:00]} 9.Qxd4 {[%clk 1:28:24]} 9...c5 {[%clk 1:20:01]} 10.Qd3 {[%clk
1:28:07]} 10...Be7 {[%clk 1:17:20]} 11.Rd1 {[%clk 1:20:06]} 11...a6 {[%clk
1:10:21]} 12.a4 {[%clk 1:18:40]} 12...O-O {[%clk 1:08:18]} 13.e5 {[%clk
1:18:27]} 13...Ne8 {[%clk 1:08:26]} 14.Bf4 {[%clk 1:15:50]} 14...Rd8 {[%clk
1:04:53]} 15.Nd5 {[%clk 1:15:24]} 15...Nc7 {[%clk 0:50:47]} 16.Nxc7 {[%clk
1:10:37]} 16...Qxc7 {[%clk 0:51:12]} 17.exd6 {[%clk 1:11:02]} 17...Bxd6 {[%clk
0:38:35]} 18.Bxd6 {[%clk 1:10:46]} 18...Qc6 {[%clk 0:37:32]} 19.Qg3 {[%clk
1:10:07]} 19...Qd7 {[%clk 0:37:11]} 20.h4 {[%clk 1:10:07]} 1-0

[Event "Najdorf Memorial B"]
[Site "Warsaw POL"]
[Date "2021.07.10"]
[Round "1.18"]
[White "Stankiewicz, Zofia"]
[Black "Kurowski, Maciej"]
[Result "0-1"]
[WhiteElo "1193"]
[BlackElo "1627"]
[EventDate "2021.07.10"]
[PlyCount "62"]
[LiveChessVersion "1.4.8"]

1.e4 {[%clk 1:30:59]} 1...c5 {[%clk 1:30:52]} 2.Nf3 {[%clk 1:31:20]} 2...g6 
{[%clk 1:31:15]} 3.d4 {[%clk 1:31:36]} 3...cxd4 {[%clk 1:31:38]} 4.Nxd4 {[%clk
1:31:51]} 4...Nc6 {[%clk 1:31:58]} 5.Nc3 {[%clk 1:32:09]} 5...Nf6 {[%clk
1:31:34]} 6.Be2 {[%clk 1:32:12]} 6...d6 {[%clk 1:29:45]} 7.O-O {[%clk 1:31:37]} 
7...Nxd4 {[%clk 1:27:44]} 8.Qxd4 {[%clk 1:31:52]} 8...Bg7 {[%clk 1:28:07]} 
9.Qd1 {[%clk 1:31:10]} 9...O-O {[%clk 1:27:17]} 10.Bg5 {[%clk 1:30:23]} 10...h6 
{[%clk 1:26:26]} 11.Bh4 {[%clk 1:30:18]} 11...Be6 {[%clk 1:18:36]} 12.f4 {[%clk
1:29:30]} 12...Qb6+ {[%clk 1:16:56]} 13.Kh1 {[%clk 1:28:32]} 13...Qxb2 {[%clk
1:16:13]} 14.Rf3 {[%clk 1:24:22]} 14...Nxe4 {[%clk 1:11:30]} 15.Rb1 {[%clk
1:22:26]} 15...Nxc3 {[%clk 1:11:11]} 16.Rxb2 {[%clk 1:22:12]} 16...Nxd1 {[%clk
1:11:33]} 17.Rxb7 {[%clk 1:22:19]} 17...Bd5 {[%clk 1:10:14]} 18.Rxe7 {[%clk
1:21:59]} 18...Bxf3 {[%clk 1:08:03]} 19.Bxf3 {[%clk 1:22:25]} 19...Rae8 {[%clk
1:08:03]} 20.Rxe8 {[%clk 1:22:17]} 20...Rxe8 {[%clk 1:08:26]} 21.Bxd1 {[%clk
1:22:40]} 21...Rb8 {[%clk 1:08:43]} 22.h3 {[%clk 1:20:13]} 22...Rb1 {[%clk
1:08:51]} 23.Kh2 {[%clk 1:20:34]} 23...Rxd1 {[%clk 1:09:13]} 24.Bf2 {[%clk
1:20:49]} 24...Bd4 {[%clk 1:08:37]} 25.Bh4 {[%clk 1:20:40]} 25...Rd2 {[%clk
1:07:37]} 26.Be7 {[%clk 1:20:52]} 26...f5 {[%clk 1:07:03]} 27.Kh1 {[%clk
1:20:51]} 27...Kf7 {[%clk 1:07:19]} 28.Bh4 {[%clk 1:20:52]} 28...Rxc2 {[%clk
1:06:58]} 29.a3 {[%clk 1:20:50]} 29...Be3 {[%clk 1:06:52]} 30.Bg3 {[%clk
1:21:01]} 30...Rc1+ {[%clk 1:07:18]} 31.Kh2 {[%clk 1:21:15]} 31...Bg1+ {[%clk
1:07:45]} 0-1

[Event "Najdorf Memorial B"]
[Site "Warsaw POL"]
[Date "2021.07.10"]
[Round "1.19"]
[White "Mrozinski, Mateusz"]
[Black "Trzmiel, Bartosz"]
[Result "1-0"]
[WhiteElo "1623"]
[BlackElo "1192"]
[EventDate "2021.07.10"]
[PlyCount "65"]
[BlackTitle "III"]
[WhiteTitle "II+"]

1.e4 c5 2.Nf3 d6 3.d4 cxd4 4.Nxd4 Nf6 5.Nc3 a6 6.Be3 e5 7.Nb3 Be7 8.f3 Be6 
9.Qd2 O-O 10.O-O-O Qc7 11.g4 b5 12.g5 b4 13.Ne2 Nh5 14.Ng3 Nf4 15.Nf5 Bxf5 
16.exf5 Bxg5 17.h4 Be7 18.Bxf4 exf4 19.Qxf4 Nc6 20.Rg1 Ne5 21.f6 Ng6 22.Qf5 
Bxf6 23.h5 Qb6 24.Bd3 Rac8 25.hxg6 fxg6 26.Qd5+ Rf7 27.Bc4 Qe3+ 28.Kb1 Rxc4 
29.Qxc4 Qb6 30.Rge1 Kf8 31.Nd4 a5 32.Ne6+ Ke7 33.Ng5+ 1-0

[Event "Najdorf Memorial B"]
[Site "Warsaw POL"]
[Date "2021.07.10"]
[Round "1.20"]
[White "Kubalski, Piotr"]
[Black "Wieckowski, Michal"]
[Result "0-1"]
[WhiteElo "1179"]
[BlackElo "1614"]
[EventDate "2021.07.10"]
[PlyCount "68"]
[BlackTitle "I"]
[WhiteTitle "II"]

1.d4 f5 2.Bf4 Nf6 3.Nf3 g6 4.e3 Bg7 5.Bd3 O-O 6.O-O d6 7.h3 h6 8.c3 Qe8 9.Re1 
Nc6 10.Bg3 g5 11.Nbd2 Nh5 12.Bh2 Qf7 13.Rf1 Kh8 14.d5 Nb8 15.Nd4 Bxd4 16.exd4 
Nf6 17.c4 f4 18.Qc2 c6 19.dxc6 Nxc6 20.Qc3 Bd7 21.Rfe1 Rac8 22.b4 a6 23.a4 e5 
24.d5 Nd4 25.Qb2 Rg8 26.c5 g4 27.hxg4 Rxg4 28.f3 Rh4 29.g3 Rg8 30.Kg2 Rxh2+ 
31.Kxh2 Qh5+ 32.Kg2 Rxg3+ 33.Kf2 Qh2+ 34.Kf1 Rg1# {Black mates} 0-1

[Event "Najdorf Memorial B"]
[Site "Warsaw POL"]
[Date "2021.07.10"]
[Round "1.22"]
[White "Zbijowski, Patryk"]
[Black "Arciszewska, Zuzanna"]
[Result "0-1"]
[WhiteElo "1163"]
[BlackElo "1604"]
[EventDate "2021.07.10"]
[PlyCount "48"]
[BlackTitle "I++"]
[WhiteTitle "II"]

1.d4 Nf6 2.Nf3 e6 3.Bf4 d5 4.e3 Bd6 5.Bg3 O-O 6.Bd3 b6 7.Nbd2 Bb7 8.O-O c5 9.c4 
Nc6 10.dxc5 Bxc5 11.cxd5 Qxd5 12.Bc4 Qd7 13.Nb3 Qe7 14.Nxc5 Qxc5 15.Rc1 Rfd8 
16.Qe2 Qe7 17.Rfd1 Rac8 18.Rxd8+ Qxd8 19.Rd1 Qe7 20.Bd6 Qe8 21.Bb5 Nd5 22.Rc1 
Nd4 23.Qf1 Nxb5 24.Rxc8 Bxc8 0-1